000 003310000a22001450004500
082 0 4 _aM635w
100 1 _aMilne, A.A
245 1 0 _aWinne the pooh / A.A Milne
260 _aUSA : Anytime books
300 _a[10 P.]
440 0 _aInvents a new game
650 1 4 _aCuentos Infantiles estadounidenses
001 2088
942 _cLGB
999 _c49236
_d49236